| 000 | 00615nam a22002057a 4500 | ||
|---|---|---|---|
| 005 | 20251108163338.0 | ||
| 008 | 250721s1997 xx 000 0 ara d | ||
| 082 | 1 | 4 | _a214.2/جوا |
| 100 | 1 | _aعفانه، جواد موسى | |
| 245 | 1 | 0 | _aحقيقة عذاب القبر / |
| 264 | 1 |
_aعمان : _bالمؤلف، _c1997. |
|
| 300 | _a375ص | ||
| 490 | 0 | _aسلسلة الجديد في التجديد ؛4 | |
| 650 | 1 | 7 | _aالوفاة |
| 650 | 1 | 7 | _aالشريعة الإسلامية |
| 650 | 1 | 7 | _aاليوم الآخر |
| 700 | 1 |
_aعفانه، محمد سهيل _eتحقيق |
|
| 942 |
_2ddc _cBK |
||
| 999 |
_c341 _d341 |
||